Capitals of Countries ending in -stan - Statistics

General Stats
  • This quiz has been taken 43 times
  • The average score is 7 of 7
Answer Stats
Country Capital % Correct
Pakistan Islamabad
100%
Afghanistan Kabul
100%
Kazakhstan Astana
94%
Kyrgyzstan Bishkek
94%
Uzbekistan Tashkent
94%
Turkmenistan Ashgabat
86%
Tajikistan Dushanbe
86%
No matching quizzes found
Score Distribution
Percent of People with Each Score
Percentile by Number Answered
Your Score History
You have not taken this quiz